|
|
|
|
| LEADER |
00000nam0a2200000 4500 |
| 001 |
135473 |
| 005 |
20231031140105.0 |
| 010 |
|
|
|a 9785699238996
|
| 035 |
|
|
|a (RuTPU)RU\TPU\book\146825
|
| 090 |
|
|
|a 135473
|
| 100 |
|
|
|a 20080410d2008 m y0rusy50 ca
|
| 101 |
0 |
|
|a rus
|
| 102 |
|
|
|a RU
|
| 105 |
|
|
|a a j 001zy
|
| 200 |
1 |
|
|a Учет и анализ банкротств
|e учебное пособие
|f М. Б. Чиркова, Е. М. Коновалова, В. Б. Малицкая
|
| 210 |
|
|
|a Москва
|c Эксмо
|d 2008
|
| 215 |
|
|
|a 236 с.
|c ил.
|
| 225 |
1 |
|
|a Высшее экономическое образование
|
| 320 |
|
|
|a Литература: с. 130-132.
|
| 330 |
|
|
|a Пособие подготовлено в соответствии с Государственным образовательным стандартом высшего профессионального образования.Подробно рассматриваются причины несостоятельности организаций, процедура банкротства и его последствия. Описаны риски в предпринимательской деятельности, которые могут привести к банкротству. Приведен порядок бухгалтерского учета операций, связанных с банкротством. Даны методики составления разделительных и ликвидационных балансов.Для студентов и преподавателей экономических вузов. Издание может быть использовано при самостоятельной подготовке в системе послевузовского образования.
|
| 610 |
1 |
|
|a экономика
|
| 610 |
1 |
|
|a бухгалтерский учет
|
| 610 |
1 |
|
|a экономический анализ
|
| 610 |
1 |
|
|a банкротство
|
| 610 |
1 |
|
|a несостоятельность
|
| 610 |
1 |
|
|a предпринимательские риски
|
| 610 |
1 |
|
|a диагностика
|
| 610 |
1 |
|
|a прогнозирование
|
| 610 |
1 |
|
|a процедура банкротства
|
| 610 |
1 |
|
|a финансовое оздоровление
|
| 610 |
1 |
|
|a внешнее управление
|
| 610 |
1 |
|
|a конкурсное производство
|
| 610 |
1 |
|
|a мировое соглашение
|
| 610 |
1 |
|
|a реорганизация
|
| 610 |
1 |
|
|a ликвидация
|
| 610 |
1 |
|
|a тесты
|
| 610 |
1 |
|
|a учебные пособия
|
| 675 |
|
|
|a 657.22(075.8)
|v 3
|
| 686 |
|
|
|a У9(2)262.20
|v LBC/SL-A
|2 rubbk
|
| 700 |
|
1 |
|a Чиркова
|b М. Б.
|g Мария Борисовна
|
| 701 |
|
1 |
|a Коновалова
|b Е. М.
|g Елена Михайловна
|
| 701 |
|
1 |
|a Малицкая
|b В. Б.
|g Виктория Борисовна
|
| 801 |
|
1 |
|a RU
|b 63413507
|c 20080410
|g PSBO
|
| 801 |
|
2 |
|a RU
|b 63413507
|c 20150403
|g PSBO
|
| 900 |
|
|
|a Учет и анализ банкротств
|
| 942 |
|
|
|c BK
|
| 951 |
|
|
|b 080105
|b 080109
|b 080107
|
| 959 |
|
|
|a 39/20080403
|d 1
|e 123,10
|f ЧЗГЛ:1
|